00794nam a2200253 a 4500001001300000003000900013005001700022008004100039020001000080082001700090100002700107245007200134260004400206300000900250500003500259505001000294650002500304650002100329700002700350902000800377942000700385952013300392999001500525nice12345678IN_TiNIC20260116012725.0050524s1986 lona grp 000 0 eng  ac22000a954.029bARA aArasaratnam, Sinnappah aMerchants, Companies and Commerce on the Coromandel Coast 1650-1740 aLondan bOxford University Press c1986 a407p aincludes index and biblioraphy2 aIndex aMaritime-India-Dutch aCoromandel Coast1 aArasaratnam, Sinnappah bSRS cBK 001040708StackRoom-aHMIbHMId2007-04-04g220.00l1m3o954.029 ARAp013584r2018-09-17s2016-07-28v220.00w2005-05-24yBK c8110d8110